[Event "Delkanda Inter Club-chT"]
[Site "Delkanda"]
[Date "2021.02.27"]
[Round "4.3"]
[White "Anojman, S."]
[Black "Chandula, EDS"]
[Result "1/2-1/2"]
[WhiteElo "1840"]
[BlackElo "1661"]
[PlyCount "74"]
[EventDate "2021.02.26"]
[EventType "team-tourn"]
[EventRounds "9"]
[EventCountry "SRI"]
[SourceTitle "EXT 2022"]
[Source "ChessBase"]
[SourceDate "2021.10.06"]
[SourceVersion "1"]
[SourceVersionDate "2021.10.06"]
[SourceQuality "1"]
[WhiteTeam "Blue and Gold CC"]
[BlackTeam "Maroons CC"]
[WhiteTeamCountry "SRI"]
[BlackTeamCountry "SRI"]

1. d4 Nf6 2. Nf3 e6 3. c4 Ne4 4. g3 f5 5. Bg2 d6 6. 0-0 Be7 7. Ne1 0-0 8. f3 Ng5 9. Nc3 c6 10. Nd3 Bf6 11. Nf2 Nf7 12. Qd3 e5 13. e3 Na6 14. a3 Nc7 15. Rd1 Qe7 16. d5 cxd5 17. Nxd5 Nxd5 18. cxd5 g5 19. e4 Nh6 20. Bd2 Bd7 21. Rdc1 Rac8 22. Qb3 b5 23. Qe3 f4 24. Qe1 g4 25. Rxc8 Bxc8 26. gxf4 gxf3 27. Bxf3 exf4 28. Bc3 Nf7 29. Kh1 Ne5 30. Qe2 Kh8 31. Rg1 a6 32. Nd3 Nxd3 33. Qxd3 Be5 34. Qc2 Qf6 35. Bxe5 Qxe5 36. Qc7 Bh3 37. b4 Rg8 1/2-1/2

[Event "SRI-chB"]
[Site "Maharaga"]
[Date "2020.03.14"]
[Round "8.7"]
[White "Randil, Lakshita"]
[Black "Chandula, EDS"]
[Result "0-1"]
[WhiteElo "1945"]
[BlackElo "1609"]
[PlyCount "88"]
[EventDate "2020.03.06"]
[EventType "swiss"]
[EventRounds "11"]
[EventCountry "SRI"]
[SourceTitle "CBM 195 Extra"]
[Source "ChessBase"]
[SourceDate "2020.05.31"]
[SourceVersion "1"]
[SourceVersionDate "2020.05.31"]
[SourceQuality "1"]

1. Nf3 f5 2. g3 Nf6 3. Bg2 d6 4. d3 e5 5. 0-0 Be7 6. c4 0-0 7. Nc3 Qe8 8. Nd5 Bd8 9. e3 Nc6 10. Rb1 a5 11. Ne1 Kh8 12. b3 Nxd5 13. cxd5 Ne7 14. f4 exf4 15. gxf4 c6 16. dxc6 bxc6 17. e4 Bb6+ 18. Kh1 Ng6 19. Qh5 fxe4 20. f5 Ne5 21. Qxe8 Rxe8 22. dxe4 Ng4 23. Ba3 Nf2+ 24. Rxf2 Bxf2 25. Nd3 Bd4 26. Bxd6 Ba6 27. Nc5 Bxc5 28. Bxc5 Bd3 29. Re1 Rad8 30. e5 Bxf5 31. Bb6 Rd2 32. Bxc6 Re6 33. Be3 Rxa2 34. Rd1 h6 35. Rd8+ Kh7 36. Bd5 Rxe5 37. Bg8+ Kg6 38. Rd6+ Kh5 39. Bf7+ g6 40. Bd2 Re2 41. Bc3 Rxh2+ 42. Kg1 Rag2+ 43. Kf1 Be4 44. Bxg6+ Rxg6 0-1

[Event "Negambo op 4th"]
[Site "Negambo"]
[Date "2018.08.19"]
[Round "7"]
[White "Pamuditha, AL Malith"]
[Black "Chandula, EDS"]
[Result "0-1"]
[WhiteElo "1199"]
[BlackElo "1588"]
[PlyCount "55"]
[EventDate "2018.08.16"]
[EventType "swiss"]
[EventRounds "10"]
[EventCountry "SRI"]
[SourceTitle "CBM 186 Extra"]
[Source "ChessBase"]
[SourceDate "2018.08.24"]
[SourceVersion "1"]
[SourceVersionDate "2018.08.24"]
[SourceQuality "1"]

1. d4 f5 2. g3 Nf6 3. Bg2 e6 4. c4 c6 5. Nf3 d5 6. Nbd2 Bd6 7. 0-0 0-0 8. b3 Qe7 9. Bb2 Nbd7 10. Qc2 Ne4 11. Nxe4 fxe4 12. Nd2 e5 13. cxd5 cxd5 14. e3 exd4 15. exd4 Nf6 16. h3 e3 17. Nb1 exf2+ 18. Qxf2 Bd7 19. Nd2 Ne4 20. Qe3 Bc6 21. Nxe4 dxe4 22. Rxf8+ Rxf8 23. Rf1 Re8 24. Kh1 Qe6 25. Bc3 Qh6 26. Be1 Bb5 27. Rg1 Bd3 28. Bf1 0-1

[Event "World School-ch U15 8th"]
[Site "Iasi"]
[Date "2012.04.28"]
[Round "1"]
[White "Chandula, EDS"]
[Black "Sozin, Stepan"]
[Result "0-1"]
[WhiteElo "1583"]
[BlackElo "2123"]
[PlyCount "102"]
[EventDate "2012.04.28"]
[EventType "swiss"]
[EventRounds "9"]
[EventCountry "ROU"]
[SourceTitle "EXT 2013"]
[Source "ChessBase"]
[SourceDate "2012.11.22"]
[SourceVersion "1"]
[SourceVersionDate "2012.11.22"]
[SourceQuality "1"]

1. d4 d5 2. Nf3 Nf6 3. Bf4 e6 4. e3 c5 5. c3 Nc6 6. h3 Bd6 7. Bxd6 Qxd6 8. Nbd2 0-0 9. Be2 b6 10. Qc2 Bb7 11. a3 Rac8 12. Qb3 Rc7 13. 0-0 e5 14. dxe5 Nxe5 15. Nxe5 Qxe5 16. Nf3 Qf5 17. Rfe1 Ne4 18. Rac1 Rc6 19. Rf1 Rh6 20. Qc2 Qg6 21. Ne5 Qe6 22. Ng4 Rh4 23. f4 Ng3 24. Rf3 Nxe2+ 25. Qxe2 d4 26. Rg3 dxe3 27. Rxe3 Qc8 28. Qf2 Rh5 29. Rg3 Rd5 30. Qe3 f6 31. Qe7 Rd7 32. Qe2 Ba8 33. Ne3 Re7 34. Rd1 f5 35. Qd3 Bc6 36. c4 Re4 37. Qd6 Qe8 38. Rd3 Re6 39. Qc7 Re7 40. Qd6 Rd7 41. Qxc6 Rxd3 42. Qxe8 Rxe8 43. Nxf5 Rxg3 44. Nxg3 Re1+ 45. Kh2 Rb1 46. Nf5 Rxb2 47. Nd6 Ra2 48. Nb5 a6 49. Nc3 Rxa3 50. Nd5 b5 51. cxb5 axb5 0-1